| 000 | 00432nam a2200145Ia 4500 | ||
|---|---|---|---|
| 999 |
_c22505 _d22505 |
||
| 082 | _aTG.0223 | ||
| 100 | _aGoswami, Dibya Hash | ||
| 245 | 0 | _aUniversity administration in North-East India | |
| 260 |
_c1979 _bGauhati University |
||
| 300 | _a596, xip | ||
| 650 | _aUNIVERSITIES AND COLLEGES - ADMINISTRATION - INDIA, NORTH-EAST | ||
| 650 | _aEDUCATION, HIGHER - INDIA, NORTH-EAST | ||
| 710 | _aVenkata Rao, V. | ||
| 942 |
_cTH _2ddc |
||